[Event "Dyfed Open"]
[Site "Fishguard"]
[Date "2020.02.14"]
[Round "1.1"]
[White "Williams, Arthur Howard"]
[Black "Haigh, Anthony J"]
[Result "1-0"]
[WhiteElo "2246"]
[BlackElo "1773"]
[PlyCount "62"]
[EventDate "2020.02.14"]
[EventType "swiss"]
[EventRounds "5"]
[EventCountry "WLS"]
[SourceTitle "BritBase"]
[Source "John Saunders"]
[SourceDate "2024.03.04"]
[SourceVersion "1"]
[SourceVersionDate "2020.02.18"]
[SourceQuality "1"]

1. Nf3 e6 2. c4 f5 3. g3 Nf6 4. Bg2 Be7 5. O-O O-O 6. d4 Ne4 7. Nc3 d5 8. Ne5
c6 9. Qb3 Nd7 10. cxd5 Nxc3 11. bxc3 Nxe5 12. dxe5 exd5 13. c4 dxc4 14. Qxc4+
Kh8 15. Bf4 Qe8 16. Rfd1 Bd8 17. a4 Be6 18. Qc3 Rf7 19. a5 Rc8 20. Rd6 c5 21.
Rad1 b6 22. Bc6 Qe7 23. Bg5 Qxg5 24. Rxe6 Rf8 25. f4 Qh5 26. Bf3 Qf7 27. Red6
Qe8 28. e4 fxe4 29. Bxe4 Qa4 30. Bc2 Qxa5 31. Qd3 c4 1-0

[Event "Dyfed Open"]
[Site "Fishguard"]
[Date "2020.02.14"]
[Round "1.2"]
[White "Knight, Colin B"]
[Black "Zeidler, Sven P"]
[Result "0-1"]
[WhiteElo "1759"]
[BlackElo "2186"]
[PlyCount "92"]
[EventDate "2020.02.14"]
[EventType "swiss"]
[EventRounds "5"]
[EventCountry "WLS"]
[SourceTitle "BritBase"]
[Source "John Saunders"]
[SourceDate "2024.03.04"]
[SourceVersion "1"]
[SourceVersionDate "2020.02.18"]
[SourceQuality "1"]

1. d4 f5 2. Nf3 Nf6 3. h4 e6 4. Nc3 d5 5. Bf4 Bd6 6. e3 O-O 7. Be2 Ne4 8. Nxe4
fxe4 9. Ne5 Nc6 10. Qd2 Qf6 11. Ng4 Qf5 12. Bxd6 cxd6 13. f3 Bd7 14. Nf2 Rac8
15. f4 Qf7 16. g4 Rfe8 17. c3 Na5 18. b3 b6 19. O-O Rc7 20. Rac1 Rec8 21. g5
Qe8 22. h5 Kh8 23. h6 gxh6 24. Ng4 hxg5 25. Ba6 Rd8 26. fxg5 Qh5 27. Nf6 Qxg5+
28. Qg2 Qxe3+ 29. Kh2 Qh6+ 30. Kg1 Qg6 31. Be2 Qxg2+ 32. Kxg2 Bc8 33. Rh1 Rg7+
34. Kh2 Rf8 35. Rcf1 Rgf7 36. Nh5 e5 37. Ng3 Rxf1 38. Rxf1 Rxf1 39. Nxf1 exd4
40. cxd4 Nc6 41. Ne3 Nxd4 42. Bg4 Bxg4 43. Nxg4 Kg7 44. Kg3 Kg6 45. Kf4 h5 46.
Ne3 Ne2# 0-1

[Event "Dyfed Open"]
[Site "Fishguard"]
[Date "2020.02.14"]
[Round "1.3"]
[White "Jones, Iolo Cerredig"]
[Black "Dixon, Chris"]
[Result "1-0"]
[WhiteElo "2163"]
[BlackElo "1754"]
[PlyCount "115"]
[EventDate "2020.02.14"]
[EventType "swiss"]
[EventRounds "5"]
[EventCountry "WLS"]
[SourceTitle "BritBase"]
[Source "John Saunders"]
[SourceDate "2024.03.04"]
[SourceVersion "1"]
[SourceVersionDate "2020.02.18"]
[SourceQuality "1"]

1. d4 Nf6 2. Nf3 g6 3. Bg5 Bg7 4. Nbd2 d6 5. c3 O-O 6. e4 h6 7. Be3 c6 8. h3
Qc7 9. Qc2 a6 10. a4 a5 11. Bd3 Re8 12. O-O Nbd7 13. Rfd1 e5 14. dxe5 dxe5 15.
Nc4 Nh5 16. Bf1 Re7 17. Qd2 Kh7 18. Qd6 Qxd6 19. Nxd6 Nf8 20. Bc5 Be6 21. Nc4
Ree8 22. Bb6 Nd7 23. Bc7 Nc5 24. Nd6 Re7 25. Bb6 Nb3 26. Rab1 f5 27. exf5 gxf5
28. Bc4 Bxc4 29. Nxc4 Nf4 30. Nfd2 Nxd2 31. Rxd2 Nd5 32. Bc5 Re6 33. Nb6 Nxb6
34. Bxb6 Re7 35. Rbd1 Ra6 36. Bc5 Rf7 37. Rd7 Rxd7 38. Rxd7 Ra8 39. Rxb7 Rd8
40. Kf1 Kg6 41. Rc7 f4 42. Rxc6+ Kf5 43. Rc7 Bf6 44. Rf7 Kg6 45. Rb7 Rd1+ 46.
Ke2 Rg1 47. Rb8 Kf5 48. Rf8 Ke6 49. Kf3 Re1 50. g3 fxg3 51. Kxg3 Rb1 52. Rb8
Ra1 53. Ba3 e4 54. Rb6+ Kf5 55. Rb5+ Be5+ 56. Kg2 Rd1 57. Bc5 Rd2 58. Bd4 1-0

[Event "Dyfed Open"]
[Site "Fishguard"]
[Date "2020.02.14"]
[Round "1.4"]
[White "Barnaby, Nicholas"]
[Black "Powell, J Lloyd"]
[Result "1/2-1/2"]
[WhiteElo "1750"]
[BlackElo "2064"]
[PlyCount "88"]
[EventDate "2020.02.14"]
[EventType "swiss"]
[EventRounds "5"]
[EventCountry "WLS"]
[SourceTitle "BritBase"]
[Source "John Saunders"]
[SourceDate "2024.03.04"]
[SourceVersion "1"]
[SourceVersionDate "2020.02.18"]
[SourceQuality "1"]

1. d4 d5 2. c4 c6 3. cxd5 cxd5 4. Nf3 Nf6 5. Nc3 Nc6 6. Bf4 e6 7. e3 Be7 8. h3
O-O 9. Bd3 a6 10. O-O b5 11. Rc1 Bb7 12. a4 b4 13. Nb1 Rc8 14. Nbd2 Qb6 15. Nb3
Na5 16. Rxc8 Rxc8 17. Nxa5 Qxa5 18. Ne5 Qb6 19. Qb1 h6 20. Rc1 Rxc1+ 21. Qxc1
b3 22. Qc3 Bd6 23. f3 Qb4 24. Qxb4 Bxb4 25. Be2 g5 26. Bh2 a5 27. Bb5 Kf8 28.
Nd3 Be7 29. Bc7 Ne8 30. Bxa5 Nd6 31. Bb4 Nc4 32. Bxe7+ Kxe7 33. Nc5 Nxb2 34.
Nxb3 Nd1 35. Nc5 Ba8 36. e4 dxe4 37. fxe4 Nc3 38. Bd3 Kd6 39. Kf2 e5 40. Ke3
Nd1+ 41. Kd2 exd4 42. Nb3 Nc3 43. Nxd4 Nxe4+ 44. Ke3 Nc5 1/2-1/2

[Event "Dyfed Open"]
[Site "Fishguard"]
[Date "2020.02.14"]
[Round "1.5"]
[White "Young, Alan J"]
[Black "Jones, Martin C"]
[Result "1-0"]
[WhiteElo "2051"]
[BlackElo "1745"]
[PlyCount "69"]
[EventDate "2020.02.14"]
[EventType "swiss"]
[EventRounds "5"]
[EventCountry "WLS"]
[SourceTitle "BritBase"]
[Source "John Saunders"]
[SourceDate "2024.03.04"]
[SourceVersion "1"]
[SourceVersionDate "2020.02.18"]
[SourceQuality "1"]

1. e4 c5 2. Nf3 e6 3. d4 cxd4 4. Nxd4 a6 5. Nc3 Qc7 6. g3 Nc6 7. Bg2 Bc5 8. Nb3
Be7 9. O-O Nf6 10. Be3 d6 11. a4 b6 12. f4 Bb7 13. Kh1 Rd8 14. Qe2 O-O 15. Rad1
Nb4 16. Bg1 Nd7 17. Rd2 Nc5 18. Nd4 Qd7 19. b3 Rc8 20. e5 Bxg2+ 21. Qxg2 d5 22.
f5 Nxb3 23. cxb3 Rxc3 24. f6 Bc5 25. Qh3 Nd3 26. fxg7 Rc8 27. Nf3 Qe7 28. Qh5
f5 29. exf6 Qxf6 30. Ng5 Qg6 31. Qxg6 hxg6 32. Nxe6 Rc1 33. Rxc1 Nxc1 34. Bxc5
bxc5 35. Rf2 1-0

[Event "Dyfed Open"]
[Site "Fishguard"]
[Date "2020.02.14"]
[Round "1.6"]
[White "Greatorex, Roger"]
[Black "Waddington, Michael P"]
[Result "0-1"]
[WhiteElo "1735"]
[BlackElo "2046"]
[PlyCount "46"]
[EventDate "2020.02.14"]
[EventType "swiss"]
[EventRounds "5"]
[EventCountry "WLS"]
[SourceTitle "BritBase"]
[Source "John Saunders"]
[SourceDate "2024.03.04"]
[SourceVersion "1"]
[SourceVersionDate "2020.02.18"]
[SourceQuality "1"]

1. d4 d5 2. c4 c6 3. Nc3 Nf6 4. Bg5 dxc4 5. Bxf6 exf6 6. e4 b5 7. a3 Bd6 8. Nf3
O-O 9. Be2 Nd7 10. d5 Ne5 11. dxc6 a6 12. Nd4 Bc5 13. Nd5 Bxd4 14. Qxd4 Nxc6
15. Qc5 Qa5+ 16. Kf1 Bb7 17. Rd1 Rad8 18. f3 Ne5 19. Ne7+ Kh8 20. Kf2 Rd2 21.
Kg3 Re8 22. Qa7 Qc7 23. Nd5 Rxd5 0-1

[Event "Dyfed Open"]
[Site "Fishguard"]
[Date "2020.02.14"]
[Round "1.7"]
[White "Garcia, Jason"]
[Black "Van Kemenade, Julie"]
[Result "1-0"]
[WhiteElo "2029"]
[BlackElo "1689"]
[PlyCount "51"]
[EventDate "2020.02.14"]
[EventType "swiss"]
[EventRounds "5"]
[EventCountry "WLS"]
[SourceTitle "BritBase"]
[Source "John Saunders"]
[SourceDate "2024.03.04"]
[SourceVersion "1"]
[SourceVersionDate "2020.02.18"]
[SourceQuality "1"]

1. Nf3 d6 2. g3 g6 3. c4 Bg7 4. Bg2 e5 5. d3 Nd7 6. Nc3 c6 7. O-O Ne7 8. Rb1
O-O 9. b4 f5 10. Qb3 Kh8 11. a4 Nf6 12. c5 Nh5 13. cxd6 Qxd6 14. Nd2 Be6 15.
Qc2 Nd5 16. b5 Nxc3 17. Qxc3 Bd5 18. Ba3 Qe6 19. Bxf8 Rxf8 20. Bxd5 cxd5 21.
Qc7 Rf7 22. Qb8+ Bf8 23. Rbc1 Kg7 24. Rc7 f4 25. Rxf7+ Qxf7 26. Qxe5+ 1-0

[Event "Dyfed Open"]
[Site "Fishguard"]
[Date "2020.02.14"]
[Round "1.8"]
[White "Pinch, David"]
[Black "Pleasants, Allan J"]
[Result "1/2-1/2"]
[WhiteElo "1667"]
[BlackElo "2028"]
[PlyCount "59"]
[EventDate "2020.02.14"]
[EventType "swiss"]
[EventRounds "5"]
[EventCountry "WLS"]
[SourceTitle "BritBase"]
[Source "John Saunders"]
[SourceDate "2024.03.04"]
[SourceVersion "1"]
[SourceVersionDate "2020.02.18"]
[SourceQuality "1"]

1. d4 g6 2. c4 Bg7 3. Nc3 d6 4. e4 Nf6 5. Be3 O-O 6. Nf3 Na6 7. Be2 c5 8. O-O
cxd4 9. Bxd4 Nc7 10. Qc2 Ne6 11. Be3 b6 12. Rfd1 Ng4 13. Bc1 Bb7 14. h3 Ne5 15.
Nxe5 Bxe5 16. Be3 Rc8 17. Rac1 Nf4 18. Nd5 Nxd5 19. exd5 Qd7 20. Qd2 Rc7 21.
Rc2 Qa4 22. b3 Qa3 23. Rdc1 Bg7 24. Bd4 Bxd4 25. Qxd4 Qc5 26. Qxc5 bxc5 27. Rc3
a5 28. Re3 f5 29. f4 Ra8 30. a4 1/2-1/2

[Event "Dyfed Open"]
[Site "Fishguard"]
[Date "2020.02.14"]
[Round "1.9"]
[White "May, Frank WLS"]
[Black "Francis, Matthew"]
[Result "1/2-1/2"]
[WhiteElo "2019"]
[BlackElo "1642"]
[PlyCount "120"]
[EventDate "2020.02.14"]
[EventType "swiss"]
[EventRounds "5"]
[EventCountry "WLS"]
[SourceTitle "BritBase"]
[Source "John Saunders"]
[SourceDate "2024.03.04"]
[SourceVersion "1"]
[SourceVersionDate "2020.02.18"]
[SourceQuality "1"]

1. d4 d6 2. e4 Nf6 3. Nc3 e5 4. dxe5 dxe5 5. Qxd8+ Kxd8 6. Bc4 Be6 7. Bxe6 fxe6
8. Nf3 Bd6 9. Bg5 Ke7 10. O-O-O Nc6 11. Rhe1 a6 12. Nd2 Kf7 13. Nc4 Rad8 14. f3
b5 15. Nd2 Nd4 16. Ne2 c5 17. c3 Nc6 18. Be3 Be7 19. Kc2 Nd7 20. Rf1 Rhf8 21.
g3 Kg8 22. f4 c4 23. f5 exf5 24. exf5 Nc5 25. Bxc5 Bxc5 26. g4 Be7 27. Ne4 Rxd1
28. Rxd1 Rd8 29. Rxd8+ Nxd8 30. Ng1 Nc6 31. Nf3 h6 32. b3 cxb3+ 33. axb3 Kf7
34. b4 Bf8 35. Kd3 Be7 36. Nf2 Bd6 37. Ke4 Ke7 38. Nd3 Bc7 39. Ndxe5 Nxe5 40.
Nxe5 Kf6 41. Nf3 a5 42. bxa5 Bxa5 43. Kd3 h5 44. gxh5 Kxf5 45. Nd4+ Kg5 46.
Nxb5 Kxh5 47. Ke2 Kh4 48. Kf1 Kh3 49. Kg1 Bb6+ 50. Kh1 g5 51. Nd4 g4 52. Ne2
Ba7 53. Nf4+ Kh4 54. Kg2 Kg5 55. Nd3 Kh4 56. c4 Bb8 57. c5 Kg5 58. c6 Kf5 59.
Nc5 Bf4 60. Nd3 Bc7 1/2-1/2

[Event "Dyfed Open"]
[Site "Fishguard"]
[Date "2020.02.14"]
[Round "1.10"]
[White "Morgans, Justin"]
[Black "Hewitt, William AR"]
[Result "0-1"]
[WhiteElo "1605"]
[BlackElo "1990"]
[PlyCount "122"]
[EventDate "2020.02.14"]
[EventType "swiss"]
[EventRounds "5"]
[EventCountry "WLS"]
[SourceTitle "BritBase"]
[Source "John Saunders"]
[SourceDate "2024.03.04"]
[SourceVersion "1"]
[SourceVersionDate "2020.02.18"]
[SourceQuality "1"]

1. d4 Nf6 2. Nf3 g6 3. e3 Bg7 4. Be2 O-O 5. O-O d6 6. c4 Nbd7 7. Nc3 e5 8. dxe5
dxe5 9. e4 Re8 10. Bg5 h6 11. Bxf6 Qxf6 12. Qc2 c6 13. Rad1 Nc5 14. h3 Ne6 15.
Rd6 Bf8 16. Rfd1 Bxd6 17. Rxd6 Qe7 18. Rd1 Nf4 19. Kh2 Kg7 20. Bf1 Qf6 21. Ng1
Be6 22. g3 Nh5 23. b3 Rad8 24. Qe2 Rxd1 25. Nxd1 b6 26. Ne3 Kh7 27. Nf3 Ng7 28.
Bg2 Bc8 29. Qb2 Qd6 30. h4 f6 31. Bh3 Bxh3 32. Kxh3 Qd3 33. Qc2 Qxc2 34. Nxc2
a5 35. Ne3 f5 36. exf5 gxf5 37. Kg2 Kg6 38. Kf1 Kf6 39. Ke2 Ne6 40. Kf1 e4 41.
Ne1 Rd8 42. N1c2 Nd4 43. Nxd4 Rxd4 44. Ke2 b5 45. cxb5 cxb5 46. Nc2 Rd5 47. Ne3
Rc5 48. Kd2 a4 49. b4 Rc6 50. Nd5+ Ke5 51. Nc3 Kd4 52. Nxb5+ Kc4 53. Na3+ Kxb4
54. Nc2+ Kc5 55. Ne3 Rf6 56. g4 fxg4 57. Nxg4 Rf4 58. Nxh6 Rxh4 59. Nf5 Rf4 60.
Ng3 Rxf2+ 61. Ke3 Rf3+ 0-1

[Event "Dyfed Open"]
[Site "Fishguard"]
[Date "2020.02.14"]
[Round "1.11"]
[White "Miles, Richard J"]
[Black "Ley, Cyril J"]
[Result "1/2-1/2"]
[WhiteElo "1968"]
[BlackElo "1603"]
[PlyCount "98"]
[EventDate "2020.02.14"]
[EventType "swiss"]
[EventRounds "5"]
[EventCountry "WLS"]
[SourceTitle "BritBase"]
[Source "John Saunders"]
[SourceDate "2024.03.04"]
[SourceVersion "1"]
[SourceVersionDate "2020.02.18"]
[SourceQuality "1"]

1. d4 g6 2. c4 Bg7 3. Nc3 d6 4. Nf3 a6 5. g3 Nc6 6. Bg2 Rb8 7. O-O Bg4 8. e3
Nf6 9. h3 Bd7 10. Qe2 O-O 11. b3 Na7 12. Bb2 b5 13. cxb5 axb5 14. b4 Be6 15.
Nd2 Qd7 16. Kh2 Rfc8 17. e4 Qd8 18. d5 Bd7 19. Rfc1 c5 20. a3 Rc7 21. Nd1 Rbc8
22. bxc5 Rxc5 23. Rxc5 Rxc5 24. Nb3 Rc7 25. Ne3 Qb8 26. Qd2 Nc8 27. Rc1 Rxc1
28. Nxc1 Nb6 29. Qb4 Qc7 30. Nd3 Nc4 31. Bc1 Nxe3 32. Bxe3 Qc4 33. Qxc4 bxc4
34. Nb4 Ne8 35. Bf1 Bb2 36. Bxc4 Bxa3 37. Nc2 Bb2 38. Bd4 Bxd4 39. Nxd4 Nf6 40.
f3 Ba4 41. Kg2 Kf8 42. Kf2 h6 43. Ke3 Nd7 44. Bb5 Bxb5 45. Nxb5 Ke8 46. f4 Nc5
47. Kd4 Nb3+ 48. Kc3 Nc5 49. Kd4 Nb3+ 1/2-1/2

[Event "Dyfed Open"]
[Site "Fishguard"]
[Date "2020.02.14"]
[Round "1.12"]
[White "Orton, Paul"]
[Black "Taylor, Robert Graham"]
[Result "0-1"]
[WhiteElo "1580"]
[BlackElo "1844"]
[PlyCount "142"]
[EventDate "2020.02.14"]
[EventType "swiss"]
[EventRounds "5"]
[EventCountry "WLS"]
[SourceTitle "BritBase"]
[Source "John Saunders"]
[SourceDate "2024.03.04"]
[SourceVersion "1"]
[SourceVersionDate "2020.02.18"]
[SourceQuality "1"]

1. d4 Nf6 2. Bf4 d6 3. e3 g6 4. Nd2 Bg7 5. Ngf3 O-O 6. Bd3 Nbd7 7. h3 c5 8. c3
b6 9. O-O Bb7 10. e4 cxd4 11. cxd4 e5 12. Bh2 Re8 13. dxe5 dxe5 14. Re1 Re7 15.
Rc1 Nc5 16. Bb1 Nfd7 17. Nc4 Ba6 18. b4 Bxc4 19. Rxc4 Ne6 20. Qc1 Re8 21. Rd1
Qe7 22. a3 a5 23. Qd2 Red8 24. Qc3 axb4 25. axb4 Nd4 26. Nxd4 exd4 27. Qc2 b5
28. Rc6 Qxb4 29. Bd6 Qa4 30. Qd3 Rdc8 31. Rdc1 Rxc6 32. Rxc6 Rd8 33. Qc2 Qxc2
34. Bxc2 Ne5 35. Bxe5 Bxe5 36. Bd3 b4 37. Rb6 Bd6 38. Kf1 Kf8 39. Ke2 Ke7 40.
Kd2 Bf4+ 41. Kd1 Bd6 42. Rb7+ Rd7 43. Rxd7+ Kxd7 44. Kc2 Kc6 45. Kb3 Kc5 46. f3
Bg3 47. Bc4 f6 48. Bd3 Be1 49. Bc4 Kd6 50. Bd3 Ke5 51. Kc4 Bc3 52. g3 g5 53.
Be2 h5 54. g4 hxg4 55. hxg4 Kf4 56. Bd1 Ke3 57. f4 Kxf4 58. Kd3 Kg3 59. Kc4 Kf2
60. Kd3 Ba1 61. Bb3 Bc3 62. Bc4 Kf3 63. Be6 Kf4 64. Bd7 b3 65. Ba4 b2 66. Bc2
Kxg4 67. Ke2 Kf4 68. Kf2 g4 69. Bd3 g3+ 70. Kg2 Ke3 71. Bb1 d3 0-1

[Event "Dyfed Open"]
[Site "Fishguard"]
[Date "2020.02.14"]
[Round "1.14"]
[White "Lawrence, Alex"]
[Black "Marin Marin, Francisco Javier"]
[Result "0-1"]
[WhiteElo "1466"]
[BlackElo "1776"]
[PlyCount "48"]
[EventDate "2020.02.14"]
[EventType "swiss"]
[EventRounds "5"]
[EventCountry "WLS"]
[SourceTitle "BritBase"]
[Source "John Saunders"]
[SourceDate "2024.03.04"]
[SourceVersion "1"]
[SourceVersionDate "2020.02.18"]
[SourceQuality "1"]

1. e4 c5 2. Nf3 e6 3. d4 cxd4 4. Nxd4 Nf6 5. Nc3 Nc6 6. Bf4 a6 7. e5 Qc7 8.
Nxc6 dxc6 9. Bg3 Nd7 10. Qd4 Bc5 11. Qf4 O-O 12. O-O-O b5 13. Ne4 Be7 14. Nd6
a5 15. Bd3 a4 16. Be4 f6 17. Qh4 h6 18. Qg4 f5 19. Qg6 Bg5+ 20. f4 Nxe5 21.
fxg5 Nxg6 22. Nxf5 Nf4 23. Nd6 hxg5 24. h4 Ne2+ 0-1

[Event "Dyfed Open"]
[Site "Fishguard"]
[Date "2020.02.14"]
[Round "1.15"]
[White "Harding, Gareth"]
[Black "Probert, Malcolm"]
[Result "1/2-1/2"]
[WhiteElo "1557"]
[BlackElo "1565"]
[PlyCount "58"]
[EventDate "2020.02.14"]
[EventType "swiss"]
[EventRounds "5"]
[EventCountry "WLS"]
[SourceTitle "BritBase"]
[Source "John Saunders"]
[SourceDate "2024.03.04"]
[SourceVersion "1"]
[SourceVersionDate "2020.02.18"]
[SourceQuality "1"]

1. d4 d5 2. Nc3 Nf6 3. Bf4 g6 4. e3 Bg7 5. h4 h5 6. Nf3 O-O 7. Be2 c5 8. O-O a6
9. dxc5 Qa5 10. Nxd5 Nxd5 11. Qxd5 Bxb2 12. Rab1 Rd8 13. Qb3 Bg7 14. Ne5 Bxe5
15. Bxe5 Nd7 16. Bc3 Qc7 17. Rfd1 Nxc5 18. Qc4 Rxd1+ 19. Rxd1 Be6 20. Qd4 f6
21. Bb4 b6 22. Bf3 Rc8 23. Bd5 Rd8 24. Qc4 Rxd5 25. Rxd5 Bxd5 26. Qxd5+ Kg7 27.
Bxc5 Qxc5 28. Qxc5 bxc5 29. c4 Kf7 1/2-1/2

[Event "Dyfed Open"]
[Site "Fishguard"]
[Date "2020.02.15"]
[Round "2.1"]
[White "Waddington, Michael P"]
[Black "Williams, Arthur Howard"]
[Result "1/2-1/2"]
[WhiteElo "2046"]
[BlackElo "2246"]
[PlyCount "114"]
[EventDate "2020.02.14"]
[EventType "swiss"]
[EventRounds "5"]
[EventCountry "WLS"]
[SourceTitle "BritBase"]
[Source "John Saunders"]
[SourceDate "2024.03.04"]
[SourceVersion "1"]
[SourceVersionDate "2020.02.18"]
[SourceQuality "1"]

1. Nc3 c5 2. e4 Nc6 3. f4 g6 4. Nf3 Bg7 5. Bb5 Nd4 6. O-O a6 7. Bd3 d6 8. Nxd4
cxd4 9. Ne2 Qb6 10. Kh1 Nf6 11. c3 e5 12. Qe1 O-O 13. Qh4 d5 14. fxe5 Nxe4 15.
Bxe4 dxe4 16. Qxe4 Bf5 17. Qxd4 Qc7 18. Qe3 Bxe5 19. d4 Bg7 20. Ng3 Bd7 21. Qf4
Qxf4 22. Bxf4 Bc6 23. Rfe1 Rfe8 24. Kg1 f5 25. Kf2 Kf7 26. Nf1 Bf6 27. g3 g5
28. Bc7 Rac8 29. Bd6 Be4 30. Nd2 Bd5 31. Rxe8 Rxe8 32. Nf3 Bc4 33. Ne5+ Bxe5
34. Bxe5 Bd5 35. b3 b5 36. Rc1 Rc8 37. Bd6 Rc6 38. Bc5 Rh6 39. Kg1 f4 40. c4
Be4 41. Re1 Re6 42. gxf4 gxf4 43. Kf2 Bd3 44. Rxe6 Kxe6 45. cxb5 axb5 46. a4
bxa4 47. bxa4 Be4 48. a5 Bb7 49. Bf8 Kd5 50. Kf3 Kxd4+ 51. Kxf4 Kc4 52. Be7 Kb5
53. Bd8 Bd5 54. Ke5 Ba2 55. Kd6 Bb1 56. Bb6 Bc2 57. Kc7 Ka6 1/2-1/2

[Event "Dyfed Open"]
[Site "Fishguard"]
[Date "2020.02.15"]
[Round "2.2"]
[White "Zeidler, Sven P"]
[Black "Garcia, Jason"]
[Result "1-0"]
[WhiteElo "2186"]
[BlackElo "2029"]
[PlyCount "97"]
[EventDate "2020.02.14"]
[EventType "swiss"]
[EventRounds "5"]
[EventCountry "WLS"]
[SourceTitle "BritBase"]
[Source "John Saunders"]
[SourceDate "2024.03.04"]
[SourceVersion "1"]
[SourceVersionDate "2020.02.18"]
[SourceQuality "1"]

1. e4 c5 2. Nc3 Nc6 3. f4 g6 4. Nf3 Bg7 5. Bb5 Nd4 6. O-O a6 7. Bd3 d6 8. b3 b5
9. Rb1 Nf6 10. Qe1 O-O 11. Bb2 Bb7 12. a4 Qb6 13. Kh1 Nh5 14. Nxd4 cxd4 15. Ne2
e5 16. Qh4 Bc6 17. fxe5 dxe5 18. Ba3 b4 19. Bb2 Qb7 20. Rf2 Bh6 21. g4 Bxe4+
22. Kg1 Bxd3 23. cxd3 Bxd2 24. gxh5 Be3 25. Qf6 Rae8 26. h6 Bxh6 27. Qf3 Qxf3
28. Rxf3 f5 29. Bc1 Bxc1 30. Rxc1 Rc8 31. Rff1 a5 32. Rxc8 Rxc8 33. Rc1 Rxc1+
34. Nxc1 Kf7 35. Ne2 Ke6 36. Ng3 Kd5 37. Kf2 e4 38. Ke2 Ke5 39. Nf1 e3 40. h4
h6 41. Nh2 Kd5 42. Nf3 Kc5 43. h5 gxh5 44. Nh4 Kd5 45. Nxf5 Ke5 46. Nh4 Kf4 47.
Nf3 h4 48. Nxh4 Kg3 49. Nf5+ 1-0

[Event "Dyfed Open"]
[Site "Fishguard"]
[Date "2020.02.15"]
[Round "2.3"]
[White "Hewitt, William AR"]
[Black "Jones, Iolo Cerredig"]
[Result "1/2-1/2"]
[WhiteElo "1990"]
[BlackElo "2163"]
[PlyCount "64"]
[EventDate "2020.02.14"]
[EventType "swiss"]
[EventRounds "5"]
[EventCountry "WLS"]
[SourceTitle "BritBase"]
[Source "John Saunders"]
[SourceDate "2024.03.04"]
[SourceVersion "1"]
[SourceVersionDate "2020.02.18"]
[SourceQuality "1"]

1. e4 e5 2. Nf3 Nf6 3. Nc3 Nc6 4. d4 exd4 5. Nxd4 Bb4 6. Nxc6 bxc6 7. Bd3 d5 8.
exd5 cxd5 9. O-O O-O 10. Bg5 c6 11. Qf3 Bd6 12. h3 Rb8 13. b3 Be5 14. Bf4 Re8
15. Bxe5 Rxe5 16. Ne2 Nd7 17. Nd4 Rb6 18. Rae1 c5 19. Nf5 Rbe6 20. Rxe5 Nxe5
21. Qg3 Qf6 22. Ne3 Rd6 23. Rd1 Rd8 24. Nxd5 Rxd5 25. Bxh7+ Kxh7 26. Rxd5 Nd7
27. Rh5+ Kg8 28. Qc7 Qa6 29. Qd8+ Nf8 30. Rxc5 Qa3 31. Rxc8 Qc1+ 32. Kh2 Qf4+
1/2-1/2

[Event "Dyfed Open"]
[Site "Fishguard"]
[Date "2020.02.15"]
[Round "2.4"]
[White "Taylor, Robert Graham"]
[Black "Young, Alan J"]
[Result "0-1"]
[WhiteElo "1844"]
[BlackElo "2051"]
[PlyCount "92"]
[EventDate "2020.02.14"]
[EventType "swiss"]
[EventRounds "5"]
[EventCountry "WLS"]
[SourceTitle "BritBase"]
[Source "John Saunders"]
[SourceDate "2024.03.04"]
[SourceVersion "1"]
[SourceVersionDate "2020.02.18"]
[SourceQuality "1"]

1. e4 e5 2. Nf3 Nc6 3. Bc4 Nf6 4. d3 Be7 5. O-O O-O 6. a3 d6 7. h3 Be6 8. Nbd2
Qd7 9. c3 a6 10. Re1 Rad8 11. b4 Rfe8 12. b5 Nb8 13. Bxe6 Qxe6 14. bxa6 Nxa6
15. Ng5 Qd7 16. Qb3 Bf8 17. Qxb7 Nc5 18. Qb1 h6 19. Ngf3 d5 20. d4 exd4 21.
Nxd4 Ncxe4 22. Nxe4 Nxe4 23. Bb2 c5 24. Nf3 c4 25. Qc2 Bc5 26. Re2 Re6 27. Nd4
Rf6 28. Rae1 g6 29. Bc1 Kh7 30. Kh2 Bd6+ 31. Kg1 Nc5 32. Nf3 Nd3 33. Rf1 Rxf3
34. gxf3 Qxh3 35. f4 Bxf4 36. Bxf4 Nxf4 37. f3 Qg3+ 38. Rg2 Nxg2 39. Qxg2 Qe5
40. f4 Qxc3 41. Rf2 Qe1+ 42. Rf1 Qe3+ 43. Kh2 Qe4 44. Qg3 Qf5 45. Qh4 Re8 46.
Rf2 d4 0-1

[Event "Dyfed Open"]
[Site "Fishguard"]
[Date "2020.02.15"]
[Round "2.5"]
[White "Marin Marin, Francisco Javier"]
[Black "Heap, Gerry"]
[Result "0-1"]
[WhiteElo "1776"]
[BlackElo "2111"]
[PlyCount "102"]
[EventDate "2020.02.14"]
[EventType "swiss"]
[EventRounds "5"]
[EventCountry "WLS"]
[SourceTitle "BritBase"]
[Source "John Saunders"]
[SourceDate "2024.03.04"]
[SourceVersion "1"]
[SourceVersionDate "2020.02.18"]
[SourceQuality "1"]

1. e4 c5 2. Nf3 d6 3. c3 Nf6 4. Bd3 Nc6 5. Bc2 Bg4 6. O-O g6 7. h3 Bxf3 8. Qxf3
Bg7 9. d3 O-O 10. Nd2 b5 11. Nb3 Nd7 12. Re1 a5 13. a3 Nb6 14. Be3 b4 15. axb4
a4 16. Nxc5 dxc5 17. bxc5 a3 18. Rxa3 Rxa3 19. bxa3 Bxc3 20. Rc1 Nc8 21. Ba4
Nd4 22. Qd1 Qa5 23. c6 Nb6 24. c7 Rc8 25. Bb3 e6 26. Kh1 Qxa3 27. Rxc3 Qd6 28.
Bxd4 Qxd4 29. Qc2 Kg7 30. Rc6 Qa1+ 31. Kh2 Qe5+ 32. g3 Na8 33. Rc5 Qd4 34. Rc4
Qb6 35. Rc6 Qa7 36. Kg2 Rxc7 37. Qb2+ Kh6 38. Qd2+ Kg7 39. Qb2+ Kh6 40. Qc1+
Kg7 41. Rxc7 Nxc7 42. Qc6 Na6 43. Ba4 Nc5 44. Bb5 Qa3 45. Qd6 Qc3 46. Kf3 Nb3
47. Kg2 Nd2 48. Qc6 Qa1 49. g4 Qf1+ 50. Kg3 e5 51. g5 Qg1+ 0-1

[Event "Dyfed Open"]
[Site "Fishguard"]
[Date "2020.02.15"]
[Round "2.6"]
[White "Richmond Garwell, Jane"]
[Black "Barnaby, Nicholas"]
[Result "1/2-1/2"]
[WhiteElo "2101"]
[BlackElo "1750"]
[PlyCount "28"]
[EventDate "2020.02.14"]
[EventType "swiss"]
[EventRounds "5"]
[EventCountry "WLS"]
[SourceTitle "BritBase"]
[Source "John Saunders"]
[SourceDate "2024.03.04"]
[SourceVersion "1"]
[SourceVersionDate "2020.02.18"]
[SourceQuality "1"]

1. e4 e5 2. Nf3 Nc6 3. Bb5 a6 4. Ba4 Nf6 5. O-O b5 6. Bb3 Be7 7. Qe2 O-O 8. a4
Rb8 9. c3 d5 10. d3 h6 11. Nbd2 Be6 12. axb5 axb5 13. Ra6 Qd7 14. h3 Rfe8
1/2-1/2

[Event "Dyfed Open"]
[Site "Fishguard"]
[Date "2020.02.15"]
[Round "2.7"]
[White "Powell, J Lloyd"]
[Black "Pinch, David"]
[Result "1-0"]
[WhiteElo "2064"]
[BlackElo "1667"]
[PlyCount "85"]
[EventDate "2020.02.14"]
[EventType "swiss"]
[EventRounds "5"]
[EventCountry "WLS"]
[SourceTitle "BritBase"]
[Source "John Saunders"]
[SourceDate "2024.03.04"]
[SourceVersion "1"]
[SourceVersionDate "2020.02.18"]
[SourceQuality "1"]

1. d4 Nf6 2. c4 c5 3. d5 b5 4. cxb5 a6 5. bxa6 g6 6. Nc3 Bxa6 7. g3 d6 8. Bg2
Bg7 9. Nf3 O-O 10. O-O Nbd7 11. Rb1 Qa5 12. Bd2 Nb6 13. b3 Qa3 14. Ne1 Bb7 15.
Nc2 Qa7 16. Ne3 Ba6 17. a4 Nfd7 18. h3 Rfb8 19. Nc2 Nc8 20. Na3 Qb7 21. Qc2 Na7
22. Nc4 Qc7 23. Kh2 Ne5 24. Na3 Rb7 25. Rfe1 Rab8 26. f4 Nd7 27. Nc4 Qd8 28. e4
Qc7 29. Na2 Bxc4 30. bxc4 Rxb1 31. Rxb1 Nc8 32. a5 Rxb1 33. Qxb1 Nb8 34. Qb5
Na7 35. Qe8+ Bf8 36. Nc3 Na6 37. Nb5 Qc8 38. Qxc8 Nxc8 39. Bf3 e6 40. Kg2 Be7
41. e5 Kf8 42. dxe6 fxe6 43. Bb7 1-0